000 00875cad a22001935a 4500
001 L155442
008 120323s2012 xxk f 000 0 eng d
035 _a(Sirsi) u155442
041 0 _aeng
110 2 _aTenant Services Authority
_95662
245 0 2 _aA short history of the Tenant Services Authority
_h[electronic resource]
260 _aLondon
_bTSA
_c2012
520 _aA short history of the Tenant Services Authority set up in 2008 and closed in March 2012. Its regulatory function will be taken over by the Regulation Commission of the Housing and Communties Agency with effect from 1 April 2012.
590 _aKA NTK
651 4 _aEngland
_y886-
690 _aAffordable housing
_96215
856 4 0 _uhttps://www.tenantservicesauthority.org/server/show/ConWebDoc.21849/changeNav/14567
_zView the item free of charge at www.tenantservicesauthority.org
942 _n0
999 _c113575
_d113575